Introduction to political science / (Record no. 47601)
[ view plain ]
| 000 -LEADER | |
|---|---|
| fixed length control field | 00886nam a2200301 4500 |
| 001 - CONTROL NUMBER | |
| control field | 47601 |
| 003 - CONTROL NUMBER IDENTIFIER | |
| rucl marc code | BD-RjUL |
| 005 - DATE AND TIME OF LATEST TRANSACTION | |
| control field | 20211209054341.0 |
| 008 - FIXED-LENGTH DATA ELEMENTS--GENERAL INFORMATION | |
| fixed length control field | 160809s1962 enk b 001 0 eng d |
| 020 ## - INTERNATIONAL STANDARD BOOK NUMBER | |
| International Standard Book Number | 0070533768 : |
| 035 ## - SYSTEM CONTROL NUMBER | |
| System control number | (BD-RjUL) |
| 040 ## - CATALOGING SOURCE | |
| Original cataloging agency | DLC |
| Transcribing agency | DLC |
| Modifying agency | DLC |
| -- | BD-RjUL |
| Language of cataloging | eng |
| 041 ## - LANGUAGE CODE | |
| Language code of text/sound track or separate title | eng |
| 082 00 - DEWEY DECIMAL CLASSIFICATION NUMBER | |
| Classification number | 320 |
| Author mark and year | DII 1962 |
| Edition number | 23 |
| 100 11 - MAIN ENTRY--PERSONAL NAME | |
| Personal name | Dillon, Conley H. |
| 9 (RLIN) | 144667 |
| 245 11 - TITLE STATEMENT | |
| Title | Introduction to political science / |
| Statement of responsibility, etc. | Conley H. Dillon, Carl Leiden and Paul D.Stewart |
| 250 ## - EDITION STATEMENT | |
| Edition statement | . |
| 260 ## - PUBLICATION, DISTRIBUTION, ETC. (IMPRINT) | |
| Place of publication, distribution, etc. | New York : |
| Name of publisher, distributor, etc. | Princetion, |
| Date of publication, distribution, etc. | c1962 |
| 300 ## - PHYSICAL DESCRIPTION | |
| Pagination | 298 p. ; |
| Size | 25 cm. |
| 490 ## - SERIES STATEMENT | |
| Series statement | Van nostrand political science series |
| 500 ## - GENERAL NOTE | |
| General note | Includes index. |
| 650 #0 - SUBJECT ADDED ENTRY--TOPICAL TERM | |
| Topical term or geographic name as entry element | Political science. |
| 9 (RLIN) | 108418 |
| Topical term or geographic name as entry element | Comparative government. |
| 9 (RLIN) | 108419 |
| 700 1# - ADDED ENTRY--PERSONAL NAME | |
| Personal name | Leiden, Carl |
| Personal name | Stewart, Paul D. |
| 942 ## - ADDED ENTRY ELEMENTS (KOHA) | |
| Source of classification or shelving scheme | Dewey Decimal Classification |
| Koha item type | Books |
| Lost status | Source of classification or shelving scheme | Damaged status | Not for loan | Collection code | Permanent Location | Current Location | Shelving location | Date acquired | Source of acquisition | Cost, normal purchase price | Total Checkouts | Full call number | Date last seen | Copy number | Koha item type |
|---|---|---|---|---|---|---|---|---|---|---|---|---|---|---|---|
| Dewey Decimal Classification | Non-fiction | Central Library, University of Rajshahi | Central Library, University of Rajshahi | 05/01/1965 | zeitlinger | 30.00 | 320 DII 1962 | 09/08/2016 | C-2 | Books |